IFM Opac

The far East and Australasia 1975-76 (Record no. 9412)

MARC details
000 -LEADER
fixed length control field 00380nam a2200133Ia 4500
008 - FIXED-LENGTH DATA ELEMENTS--GENERAL INFORMATION
fixed length control field 150509s9999 xx 000 0 und d
020 ## - INTERNATIONAL STANDARD BOOK NUMBER
International Standard Book Number 0 900 36286 3
082 ## - DEWEY DECIMAL CLASSIFICATION NUMBER
Classification number 950 4205 FAR.
245 #4 - TITLE STATEMENT
Title The far East and Australasia 1975-76
260 ## - PUBLICATION, DISTRIBUTION, ETC.
Place of publication, distribution, etc. London:
260 ## - PUBLICATION, DISTRIBUTION, ETC.
Name of publisher, distributor, etc. Europa Publications
300 ## - PHYSICAL DESCRIPTION
Extent xxiv.,ill.;1349p.:24cm
500 ## - GENERAL NOTE
General note includes bibliographical references and index
Holdings
Withdrawn status Lost status Source of classification or shelving scheme Damaged status Not for loan Collection code Home library Current library Shelving location Date acquired Total Checkouts Full call number Barcode Date last seen Price effective from Koha item type
    Dewey Decimal Classification   Not For Loan Reference IFM Main Campus Library IFM Main Campus Library Archival Collection 05/15/2015   950 4205 FAR. 0000015225 05/15/2015 05/15/2015 Reference
    Dewey Decimal Classification   Not For Loan Reference IFM Main Campus Library IFM Main Campus Library   05/15/2015   950 4205 FAR. 0000019981 05/15/2015 05/15/2015 Reference